Catálogo público

El cultivo del chile en Aguascalientes / (Record no. 204939)

MARC details
000 -CABECERA
campo de control de longitud fija 00948nam a2200277Ia 4500
001 - NÚMERO DE CONTROL
campo de control Para_6159
003 - IDENTIFICADOR DEL NÚMERO DE CONTROL
campo de control CHAP
008 - DATOS DE LONGITUD FIJA--INFORMACIÓN GENERAL
campo de control de longitud fija 220125s1980 xx 000 0 und d
010 ## - NÚMERO DE CONTROL DE LA BIBLIOTECA DEL CONGRESO
Número de control de LC 204939
040 ## - FUENTE DE LA CATALOGACIÓN
Centro/agencia transcriptor CHAP
090 ## - LOCALMENTE ASIGNADO TIPO-LC NÚMERO DE CLASIFICACIÓN (OCLC); NÚMERO DE CLASIFICACIÓN LOCAL (RLIN)
Número de clasificación (OCLC) (R) ; Numero de clasificación, CALL (RLIN) (NR) PA FOLLETO 286
100 ## - ENTRADA PRINCIPAL--NOMBRE DE PERSONA
Nombre de persona Cárdenas Valdovinos, Manuel J.
9 (RLIN) 170882
245 ## - MENCIÓN DE TÍTULO
Título El cultivo del chile en Aguascalientes /
Mención de responsabilidad, etc. por J. Manuel Cárdenas Valdovinos
260 ## - PUBLICACIÓN, DISTRIBUCIÓN, ETC.
Lugar de publicación, distribución, etc. Pabellón, Ags. :
Nombre del editor, distribuidor, etc. INIA. Centro de Investigaciones Agrícolas del Norte-Centro
300 ## - DESCRIPCIÓN FÍSICA
Extensión 20 p.
440 ## - MENCIÓN DE SERIE/PUNTO DE ACCESO ADICIONAL--TÍTULO
Título Folleto técnico CAEPAB; 2
9 (RLIN) 170883
650 ## - PUNTO DE ACCESO ADICIONAL DE MATERIA--TÉRMINO DE MATERIA
Término de materia o nombre geográfico como elemento de entrada Chile (botánica)
Subdivisión general Aguascalientes
9 (RLIN) 22342
710 ## - PUNTO DE ACCESO ADICIONAL--NOMBRE DE ENTIDAD CORPORATIVA
Nombre de entidad corporativa o nombre de jurisdicción como elemento de entrada Instituto Nacional de Investigaciones Agrícolas (México) Centro de Investigaciones Agrícolas del Norte
Número Internacional Normalizado para Publicaciones Seriadas Centro
9 (RLIN) 165149
901 ## - ELEMENTOS DE DATOS A LOCAL LDA (RLIN)
a PA FOLLETO 286
902 ## - ELEMENTOS DE DATOS B LOCAL, LDB (RLIN)
a A
905 ## - ELEMENTOS DE DATOS E LOCAL, LDE (RLIN)
a 0000001980 i 0000000000 00
910 ## - DATOS DE OPCIÓN DEL USUARIO (OCLC)
Datos de opción del usuario 1980
942 ## - ELEMENTOS DE PUNTO DE ACCESO ADICIONAL (KOHA)
Tipo de ítem Koha Parasitologia_
942 ## - ELEMENTOS DE PUNTO DE ACCESO ADICIONAL (KOHA)
Tipo de ítem Koha Parasitologia_
-- 1
Holdings
Estado de retiro Estado de pérdida Fuente del sistema de clasificación o colocación Estado dañado No para préstamo Código de colección Localización permanente Ubicación/localización actual Ubicación en estantería Fecha de adquisición Información codificada de la localización en otra ubicación Total de préstamos Código de barras Fecha visto por última vez Número de copia Precio válido a partir de Tipo de ítem Koha Nota pública
    Clasificación Universidad Autónoma de Chapingo     Folletos Parasitologia Agricola Parasitologia Agricola   27/10/2005 PARA   PA_4549-2 25/01/2022 2 25/01/2022 Folleto 3
    Clasificación Universidad Autónoma de Chapingo     Folletos Parasitologia Agricola Parasitologia Agricola   27/10/2005 PARA   PA_4549 25/01/2022 1 25/01/2022 Folleto 3